The geography of warfare / (Record no. 589494)
[ view plain ]
| 000 -LEADER | |
|---|---|
| fixed length control field | 00928cam a2200313 a 4500 |
| 001 - CONTROL NUMBER | |
| control field | 967263 |
| 003 - CONTROL NUMBER IDENTIFIER | |
| control field | NUST |
| 005 - DATE AND TIME OF LATEST TRANSACTION | |
| control field | 20220509101241.0 |
| 008 - FIXED-LENGTH DATA ELEMENTS--GENERAL INFORMATION | |
| fixed length control field | 841018s1983 enka b 001 0 eng c |
| 010 ## - LIBRARY OF CONGRESS CONTROL NUMBER | |
| LC control number | 84673505 |
| 020 ## - INTERNATIONAL STANDARD BOOK NUMBER | |
| International Standard Book Number | 0709919182 : |
| Terms of availability | £12.95 |
| 038 ## - RECORD CONTENT LICENSOR | |
| Staff Name | waseem |
| 040 ## - CATALOGING SOURCE | |
| Original cataloging agency | MH |
| Transcribing agency | MH |
| Modifying agency | DLC |
| 050 14 - LIBRARY OF CONGRESS CALL NUMBER | |
| Classification number | UA990 |
| Item number | .O78x 1983b |
| 082 ## - DEWEY DECIMAL CLASSIFICATION NUMBER | |
| Classification number | 355.02 |
| Author Mark | OSU |
| 100 1# - MAIN ENTRY--PERSONAL NAME | |
| Personal name | O'Sullivan, Patrick Michael, |
| Dates associated with a name | 1941- |
| 9 (RLIN) | 91290 |
| 245 14 - TITLE STATEMENT | |
| Title | The geography of warfare / |
| Statement of responsibility, etc. | Patrick O'Sullivan and Jesse W. Miller, Jr. |
| 260 ## - PUBLICATION, DISTRIBUTION, ETC. | |
| Place of publication, distribution, etc. | London : |
| Name of publisher, distributor, etc. | Croom Helm, |
| Date of publication, distribution, etc. | c1983. |
| 300 ## - PHYSICAL DESCRIPTION | |
| Extent | 172 p. : |
| Other physical details | ill. ; |
| Dimensions | 23 cm. |
| 504 ## - BIBLIOGRAPHY, ETC. NOTE | |
| Bibliography, etc. note | Includes bibliographies and index. |
| 563 ## - BINDING INFORMATION | |
| Binding note | HBK. |
| 650 #0 - SUBJECT ADDED ENTRY--TOPICAL TERM | |
| Topical term or geographic name entry element | Military geography. |
| 9 (RLIN) | 48855 |
| 650 #0 - SUBJECT ADDED ENTRY--TOPICAL TERM | |
| Topical term or geographic name entry element | Geopolitics. |
| 9 (RLIN) | 83838 |
| 650 #0 - SUBJECT ADDED ENTRY--TOPICAL TERM | |
| Topical term or geographic name entry element | Strategy. |
| 650 #0 - SUBJECT ADDED ENTRY--TOPICAL TERM | |
| Topical term or geographic name entry element | Tactics. |
| 9 (RLIN) | 37945 |
| 700 1# - ADDED ENTRY--PERSONAL NAME | |
| Personal name | Miller, Jesse W., |
| Dates associated with a name | 1941- |
| 9 (RLIN) | 91291 |
| 906 ## - LOCAL DATA ELEMENT F, LDF (RLIN) | |
| a | 7 |
| b | cbc |
| c | orignew |
| d | u |
| e | ncip |
| f | 19 |
| g | y-gencatlg |
| 942 ## - ADDED ENTRY ELEMENTS (KOHA) | |
| Source of classification or shelving scheme | |
| Koha item type | Book |
| Withdrawn status | Lost status | Source of classification or shelving scheme | Damaged status | Not for loan | Permanent Location | Current Location | Date acquired | Source of acquisition | Total Checkouts | Total Renewals | Full call number | Barcode | Date last seen | Price effective from | Koha item type |
|---|---|---|---|---|---|---|---|---|---|---|---|---|---|---|---|
| Central Library (CL) | Central Library (CL) | 05/09/2022 | Donation | 1 | 355.02 OSU | CL-D-1763 | 06/03/2025 | 05/09/2022 | Book |
